The handwashing handbook : A guide for developing a hygiene program to increase handwashing with soap

Gespeichert in:
Bibliographische Detailangaben
Körperschaft: The World Bank
Format: Buch
Sprache:Undetermined
Veröffentlicht: Washington, D.C The World Bank 2004
Schlagworte:
Tags: Tag hinzufügen
Keine Tags, Fügen Sie den ersten Tag hinzu!
Thư viện lưu trữ: Trung tâm Học liệu Trường Đại học Cần Thơ
LEADER 00575nam a2200193Ia 4500
001 CTU_97107
008 210402s9999 xx 000 0 und d
082 |a 613 
082 |b W927 
110 |a The World Bank 
245 4 |a The handwashing handbook : 
245 2 |b A guide for developing a hygiene program to increase handwashing with soap 
245 4 |c The World Bank 
260 |a Washington, D.C 
260 |b The World Bank 
260 |c 2004 
650 |a Health education,Hygiene, public 
904 |i Minh 
980 |a Trung tâm Học liệu Trường Đại học Cần Thơ